000 00638nam a22001817a 4500
999 _c18002
_d18002
003 AR-CdUCM
008 190511b ||||| |||| 00| 0 spa d
040 _aMUNICIPALIDAD PROVINCIAL DEL CUSCO
_cBIBLIOTECA MUNICIPAL DEL CUSCO
082 _a330.74 /
_bC59
100 _aClark, John Maurice
_938317
245 _a¿Cómo influyen las instituciones económicas en el bienestar humano? /
260 _aMexico :
_bNavaro,
_c1959.
300 _a345 páginas :
_c17 cm.
505 _aLos medios económicos -- Las metas de la vida economista vistas por los economistas...
650 _aEconomía.
_9382
942 _2ddc
_cLIBROS
945 _awfj